| 000 | 00758nam a2200241 4500 | ||
|---|---|---|---|
| 003 | OSt | ||
| 005 | 20240725080942.0 | ||
| 006 | a | ||
| 008 | 240725b |||||||| |||| 00| 0 eng d | ||
| 020 | _a9780521682763 | ||
| 040 |
_aDWCL-Main lib. _cOC |
||
| 082 | _aCirc. 327.94 In61 2007 | ||
| 245 | _aAn introduction to international relations : Australian perspectives / | ||
| 260 |
_aCambridge: _bCambridge University Press, _cc2007. |
||
| 300 |
_axxii, _b439 p. : ill. ; _c25 cm. |
||
| 504 | _aIncludes bibliographical references & index. | ||
| 650 | _a1. International relations. | ||
| 650 | _a2. Australia-Foreign relations. | ||
| 700 | _aRichard Devetak | ||
| 700 | _aAnthony Burke | ||
| 700 | _aJim George | ||
| 942 |
_2ddc _n0 _cBK-CIRC _kCirc. |
||
| 999 |
_c2750 _d2750 |
||